[Event "DEM U14w 2024"]
[Site "Willingen GER"]
[Date "2024.05.22"]
[Round "5"]
[White "Bauer, Laura Sophie"]
[Black "Neumeier, Valentina"]
[Result "1-0"]
[Termination "normal"]
[Board "5"]
[WhiteElo "1874"]
[BlackElo "1805"]
[WhiteClock "01:14:24"]
[BlackClock "00:38:33"]
[PlyCount "43"]
[WhiteFideId "16253647"]
[BlackFideId "34608222"]
[EventCountry "GER"]
[EventRounds "9"]
[EventType "swiss"]
[EventDate "2024.05.18"]

1. e4 {[%clk 01:30:58]} {[%emt 00:00:01]} e5 {[%clk 01:30:56]} {[%emt
00:00:05]} 2. Nf3 {[%clk 01:31:24]} {[%emt 00:00:04]} Nc6 {[%clk 01:31:20]}
{[%emt 00:00:05]} 3. d4 {[%clk 01:31:50]} {[%emt 00:00:04]} exd4 {[%clk
01:31:44]} {[%emt 00:00:07]} 4. Bc4 {[%clk 01:32:14]} {[%emt 00:00:06]} Nf6
{[%clk 01:31:45]} {[%emt 00:00:28]} 5. e5 {[%clk 01:29:26]} {[%emt 00:03:19]}
d5 {[%clk 01:32:02]} {[%emt 00:00:12]} 6. Bb5 {[%clk 01:29:40]} {[%emt
00:00:17]} Ne4 {[%clk 01:31:51]} {[%emt 00:00:40]} 7. Nxd4 {[%clk 01:29:56]}
{[%emt 00:00:14]} Bd7 {[%clk 01:31:48]} {[%emt 00:00:34]} 8. Bxc6 {[%clk
01:30:08]} {[%emt 00:00:17]} bxc6 {[%clk 01:31:57]} {[%emt 00:00:21]} 9. O-O
{[%clk 01:30:14]} {[%emt 00:00:24]} Bc5 {[%clk 01:31:55]} {[%emt 00:00:32]} 10.
f3 {[%clk 01:30:15]} {[%emt 00:00:29]} Ng5 {[%clk 01:32:16]} {[%emt 00:00:09]}
11. Be3 {[%clk 01:30:36]} {[%emt 00:00:09]} Bb6 {[%clk 01:32:29]} {[%emt
00:00:18]} 12. f4 {[%clk 01:30:51]} {[%emt 00:00:15]} Ne4 {[%clk 01:32:26]}
{[%emt 00:00:32]} 13. Nd2 {[%clk 01:30:58]} {[%emt 00:00:23]} Nxd2 {[%clk
01:32:20]} {[%emt 00:00:38]} 14. Qxd2 {[%clk 01:31:19]} {[%emt 00:00:08]} c5
{[%clk 01:32:26]} {[%emt 00:00:24]} 15. Nf3 {[%clk 01:31:13]} {[%emt 00:00:34]}
d4 {[%clk 01:32:51]} {[%emt 00:00:07]} 16. Bf2 {[%clk 01:31:37]} {[%emt
00:00:06]} Bc6 {[%clk 01:29:48]} {[%emt 00:03:33]} 17. Bh4 {[%clk 01:29:41]}
{[%emt 00:02:24]} Qd7 {[%clk 01:24:39]} {[%emt 00:05:40]} 18. f5 {[%clk
01:18:21]} {[%emt 00:11:51]} O-O {[%clk 00:55:50]} {[%emt 00:29:19]} 19. f6
{[%clk 01:14:34]} {[%emt 00:04:16]} Rfe8 {[%clk 00:47:01]} {[%emt 00:09:19]}
20. Qg5 {[%clk 01:13:36]} {[%emt 00:01:27]} g6 {[%clk 00:40:09]} {[%emt
00:07:23]} 21. Qh6 {[%clk 01:14:00]} {[%emt 00:00:06]} Bxf3 {[%clk 00:38:33]}
{[%emt 00:02:07]} 22. Qg7# {[%clk 01:14:24]} {[%emt 00:00:05]} 1-0

[Event "DEM U14w 2024"]
[Site "Willingen GER"]
[Date "2024.05.22"]
[Round "5"]
[White "Kutz, Ida Klara"]
[Black "Gold, Finnja"]
[Result "1/2-1/2"]
[Termination "normal"]
[Board "7"]
[WhiteElo "1690"]
[BlackElo "1484"]
[WhiteClock "00:28:12"]
[BlackClock "00:39:33"]
[PlyCount "69"]
[WhiteFideId "16296257"]
[BlackFideId "34660453"]
[EventCountry "GER"]
[EventRounds "9"]
[EventType "swiss"]
[EventDate "2024.05.18"]

1. Nf3 {[%clk 01:30:57]} {[%emt 00:00:02]} Nf6 {[%clk 01:30:53]} {[%emt
00:00:08]} 2. g3 {[%clk 01:31:11]} {[%emt 00:00:15]} e6 {[%clk 01:31:16]}
{[%emt 00:00:07]} 3. Bg2 {[%clk 01:31:33]} {[%emt 00:00:08]} Be7 {[%clk
01:31:40]} {[%emt 00:00:06]} 4. O-O {[%clk 01:31:56]} {[%emt 00:00:07]} O-O
{[%clk 01:32:05]} {[%emt 00:00:05]} 5. d4 {[%clk 01:32:21]} {[%emt 00:00:04]}
d5 {[%clk 01:32:31]} {[%emt 00:00:06]} 6. c4 {[%clk 01:32:45]} {[%emt
00:00:05]} c6 {[%clk 01:32:56]} {[%emt 00:00:06]} 7. cxd5 {[%clk 01:33:09]}
{[%emt 00:00:05]} exd5 {[%clk 01:33:15]} {[%emt 00:00:12]} 8. Nc3 {[%clk
01:33:28]} {[%emt 00:00:10]} Bf5 {[%clk 01:33:08]} {[%emt 00:00:35]} 9. Qb3
{[%clk 01:32:19]} {[%emt 00:01:41]} Qb6 {[%clk 01:32:23]} {[%emt 00:01:16]} 10.
Qxb6 {[%clk 01:32:02]} {[%emt 00:00:47]} axb6 {[%clk 01:32:46]} {[%emt
00:00:06]} 11. b3 {[%clk 01:30:44]} {[%emt 00:01:48]} Ne4 {[%clk 01:29:48]}
{[%emt 00:03:29]} 12. Bb2 {[%clk 01:28:40]} {[%emt 00:02:33]} Nd7 {[%clk
01:29:06]} {[%emt 00:01:12]} 13. e3 {[%clk 01:24:12]} {[%emt 00:04:58]} h6
{[%clk 01:27:50]} {[%emt 00:01:47]} 14. Rfd1 {[%clk 01:16:03]} {[%emt
00:08:39]} Bb4 {[%clk 01:27:08]} {[%emt 00:01:11]} 15. Nxe4 {[%clk 01:13:54]}
{[%emt 00:02:39]} Bxe4 {[%clk 01:27:12]} {[%emt 00:00:27]} 16. Nd2 {[%clk
01:12:38]} {[%emt 00:01:45]} Bxg2 {[%clk 01:23:31]} {[%emt 00:04:11]} 17. Kxg2
{[%clk 01:12:59]} {[%emt 00:00:08]} Nf6 {[%clk 01:23:07]} {[%emt 00:00:56]} 18.
a4 {[%clk 01:06:00]} {[%emt 00:07:28]} Ra5 {[%clk 01:21:03]} {[%emt 00:02:33]}
19. Nf3 {[%clk 01:01:50]} {[%emt 00:04:41]} b5 {[%clk 01:18:24]} {[%emt
00:03:10]} 20. axb5 {[%clk 00:57:49]} {[%emt 00:04:31]} Rxb5 {[%clk 01:18:44]}
{[%emt 00:00:10]} 21. Ne5 {[%clk 00:54:52]} {[%emt 00:03:27]} Bd6 {[%clk
01:15:46]} {[%emt 00:03:26]} 22. Ba3 {[%clk 00:54:13]} {[%emt 00:01:11]} Bxa3
{[%clk 01:15:00]} {[%emt 00:01:16]} 23. Rxa3 {[%clk 00:54:30]} {[%emt
00:00:13]} Ne4 {[%clk 01:13:04]} {[%emt 00:02:25]} 24. f3 {[%clk 00:52:23]}
{[%emt 00:02:37]} Nf6 {[%clk 01:12:39]} {[%emt 00:00:55]} 25. Re1 {[%clk
00:48:28]} {[%emt 00:04:25]} Re8 {[%clk 01:11:23]} {[%emt 00:01:46]} 26. Kf2
{[%clk 00:45:12]} {[%emt 00:03:46]} c5 {[%clk 01:08:45]} {[%emt 00:03:09]} 27.
Rc1 {[%clk 00:44:57]} {[%emt 00:00:44]} Re7 {[%clk 01:06:30]} {[%emt 00:02:46]}
28. Ra8+ {[%clk 00:38:51]} {[%emt 00:06:36]} Kh7 {[%clk 01:02:48]} {[%emt
00:04:12]} 29. Rf8 {[%clk 00:36:22]} {[%emt 00:02:58]} cxd4 {[%clk 01:02:02]}
{[%emt 00:01:17]} 30. exd4 {[%clk 00:36:19]} {[%emt 00:00:32]} Rxb3 {[%clk
00:54:23]} {[%emt 00:08:09]} 31. Rcc8 {[%clk 00:36:24]} {[%emt 00:00:26]} g6
{[%clk 00:53:17]} {[%emt 00:01:36]} 32. Rxf7+ {[%clk 00:31:56]} {[%emt
00:04:57]} Rxf7 {[%clk 00:53:03]} {[%emt 00:00:44]} 33. Nxf7 {[%clk 00:32:21]}
{[%emt 00:00:06]} Rb4 {[%clk 00:51:10]} {[%emt 00:02:23]} 34. Rc7 {[%clk
00:32:16]} {[%emt 00:00:34]} b5 {[%clk 00:39:33]} {[%emt 00:12:07]} 35. Ng5+
{[%clk 00:28:12]} {[%emt 00:04:33]} 1/2-1/2

[Event "DEM U14w 2024"]
[Site "Willingen GER"]
[Date "2024.05.22"]
[Round "5"]
[White "Fischermann, Charlotte"]
[Black "Prokscha, Charlotte"]
[Result "1/2-1/2"]
[Termination "normal"]
[Board "8"]
[WhiteElo "1622"]
[BlackElo "1666"]
[WhiteClock "00:17:10"]
[BlackClock "00:06:13"]
[PlyCount "93"]
[WhiteFideId "34619690"]
[BlackFideId "34614699"]
[EventCountry "GER"]
[EventRounds "9"]
[EventType "swiss"]
[EventDate "2024.05.18"]

1. d4 {[%clk 01:30:55]} {[%emt 00:00:04]} d5 {[%clk 01:30:39]} {[%emt
00:00:22]} 2. Bf4 {[%clk 01:31:09]} {[%emt 00:00:16]} Nf6 {[%clk 01:30:34]}
{[%emt 00:00:35]} 3. Nf3 {[%clk 01:31:13]} {[%emt 00:00:25]} e6 {[%clk
01:30:21]} {[%emt 00:00:43]} 4. e3 {[%clk 01:31:05]} {[%emt 00:00:39]} c5
{[%clk 01:30:05]} {[%emt 00:00:46]} 5. c3 {[%clk 01:22:20]} {[%emt 00:09:16]}
Nc6 {[%clk 01:28:43]} {[%emt 00:01:51]} 6. Nbd2 {[%clk 01:21:41]} {[%emt
00:01:08]} cxd4 {[%clk 01:27:15]} {[%emt 00:01:58]} 7. cxd4 {[%clk 01:20:49]}
{[%emt 00:01:22]} Be7 {[%clk 01:26:20]} {[%emt 00:01:25]} 8. a3 {[%clk
01:20:08]} {[%emt 00:01:12]} O-O {[%clk 01:24:52]} {[%emt 00:01:57]} 9. Bd3
{[%clk 01:20:03]} {[%emt 00:00:35]} a6 {[%clk 01:21:02]} {[%emt 00:04:21]} 10.
O-O {[%clk 01:19:27]} {[%emt 00:01:06]} Bd6 {[%clk 01:17:33]} {[%emt 00:03:59]}
11. Bxd6 {[%clk 01:17:32]} {[%emt 00:02:25]} Qxd6 {[%clk 01:17:49]} {[%emt
00:00:14]} 12. h3 {[%clk 01:13:57]} {[%emt 00:04:05]} h6 {[%clk 01:05:04]}
{[%emt 00:13:14]} 13. Qc2 {[%clk 01:08:45]} {[%emt 00:05:43]} Bd7 {[%clk
01:00:20]} {[%emt 00:05:14]} 14. Rac1 {[%clk 01:06:48]} {[%emt 00:02:26]} Rfc8
{[%clk 00:57:41]} {[%emt 00:03:09]} 15. Qb1 {[%clk 01:06:43]} {[%emt 00:00:35]}
Be8 {[%clk 00:46:01]} {[%emt 00:12:11]} 16. Rc3 {[%clk 01:02:54]} {[%emt
00:04:18]} Na7 {[%clk 00:40:59]} {[%emt 00:05:32]} 17. Rfc1 {[%clk 01:00:28]}
{[%emt 00:02:57]} Rxc3 {[%clk 00:39:57]} {[%emt 00:01:32]} 18. Rxc3 {[%clk
01:00:37]} {[%emt 00:00:21]} Bb5 {[%clk 00:38:56]} {[%emt 00:01:31]} 19. Bc2
{[%clk 00:58:52]} {[%emt 00:02:13]} Be8 {[%clk 00:33:28]} {[%emt 00:05:59]} 20.
Ne5 {[%clk 00:51:38]} {[%emt 00:07:44]} Nc6 {[%clk 00:31:15]} {[%emt 00:02:42]}
21. Ndf3 {[%clk 00:51:14]} {[%emt 00:00:54]} Nd7 {[%clk 00:30:08]} {[%emt
00:01:37]} 22. Nxc6 {[%clk 00:50:23]} {[%emt 00:01:22]} bxc6 {[%clk 00:30:21]}
{[%emt 00:00:17]} 23. Qc1 {[%clk 00:47:22]} {[%emt 00:03:31]} Kh8 {[%clk
00:28:44]} {[%emt 00:02:06]} 24. Ba4 {[%clk 00:45:56]} {[%emt 00:01:57]} c5
{[%clk 00:20:38]} {[%emt 00:08:36]} 25. dxc5 {[%clk 00:45:34]} {[%emt
00:00:52]} Qc7 {[%clk 00:19:22]} {[%emt 00:01:43]} 26. Bxd7 {[%clk 00:45:31]}
{[%emt 00:00:36]} Bxd7 {[%clk 00:19:35]} {[%emt 00:00:16]} 27. b4 {[%clk
00:45:16]} {[%emt 00:00:45]} Rc8 {[%clk 00:19:43]} {[%emt 00:00:19]} 28. Qc2
{[%clk 00:42:44]} {[%emt 00:03:04]} a5 {[%clk 00:19:14]} {[%emt 00:01:01]} 29.
c6 {[%clk 00:38:42]} {[%emt 00:04:32]} Be8 {[%clk 00:18:41]} {[%emt 00:01:03]}
30. b5 {[%clk 00:38:17]} {[%emt 00:00:55]} Rb8 {[%clk 00:17:56]} {[%emt
00:01:14]} 31. a4 {[%clk 00:37:53]} {[%emt 00:00:55]} Rc8 {[%clk 00:18:13]}
{[%emt 00:00:12]} 32. Nd2 {[%clk 00:37:30]} {[%emt 00:00:53]} Ra8 {[%clk
00:15:46]} {[%emt 00:02:57]} 33. Nb3 {[%clk 00:35:38]} {[%emt 00:02:22]} Rc8
{[%emt 00:00:57]} 34. Nxa5 {[%clk 00:35:01]} {[%emt 00:00:45]} Qxa5 {[%clk
00:16:13]} {[%emt 00:00:14]} 35. Qb3 {[%clk 00:35:06]} {[%emt 00:00:24]} Rc7
{[%clk 00:13:00]} {[%emt 00:03:43]} 36. Kf1 {[%clk 00:31:34]} {[%emt 00:04:02]}
Kg8 {[%clk 00:12:34]} {[%emt 00:00:56]} 37. Ke2 {[%clk 00:30:49]} {[%emt
00:01:15]} Qb6 {[%clk 00:09:41]} {[%emt 00:03:21]} 38. Qa3 {[%clk 00:27:43]}
{[%emt 00:03:38]} Ra7 {[%clk 00:08:41]} {[%emt 00:01:29]} 39. Qc5 {[%clk
00:24:14]} {[%emt 00:03:58]} Qxc5 {[%clk 00:05:56]} {[%emt 00:03:17]} 40. Rxc5
{[%clk 00:24:38]} {[%emt 00:00:06]} Rxa4 {[%clk 00:05:55]} {[%emt 00:00:31]}
41. c7 {[%clk 00:24:37]} {[%emt 00:00:32]} Bd7 {[%clk 00:06:11]} {[%emt
00:00:13]} 42. c8=Q+ {[%clk 00:24:29]} {[%emt 00:00:37]} Bxc8 {[%clk 00:06:37]}
{[%emt 00:00:05]} 43. Rxc8+ {[%clk 00:24:49]} {[%emt 00:00:10]} Kh7 {[%clk
00:07:06]} {[%emt 00:00:02]} 44. Rb8 {[%clk 00:24:15]} {[%emt 00:01:03]} Rb4
{[%clk 00:07:28]} {[%emt 00:00:07]} 45. f4 {[%clk 00:20:55]} {[%emt 00:03:50]}
f6 {[%clk 00:07:06]} {[%emt 00:00:52]} 46. Kd3 {[%clk 00:17:55]} {[%emt
00:03:32]} e5 {[%clk 00:06:13]} {[%emt 00:01:22]} 47. fxe5 {[%clk 00:17:10]}
{[%emt 00:01:16]} 1/2-1/2

[Event "DEM U14w 2024"]
[Site "Willingen GER"]
[Date "2024.05.22"]
[Round "5"]
[White "Vogt, Luna"]
[Black "Chandrasekher, Ritu"]
[Result "0-1"]
[Termination "normal"]
[Board "9"]
[WhiteElo "1666"]
[BlackElo "1633"]
[WhiteClock "00:09:24"]
[BlackClock "00:06:06"]
[PlyCount "148"]
[WhiteFideId "34607153"]
[BlackFideId "34609024"]
[EventCountry "GER"]
[EventRounds "9"]
[EventType "swiss"]
[EventDate "2024.05.18"]

1. e4 {[%clk 01:30:57]} {[%emt 00:00:02]} c6 {[%clk 01:30:53]} {[%emt
00:00:07]} 2. Nf3 {[%clk 01:31:19]} {[%emt 00:00:09]} d5 {[%clk 01:31:16]}
{[%emt 00:00:07]} 3. Nc3 {[%clk 01:31:44]} {[%emt 00:00:04]} dxe4 {[%clk
01:31:03]} {[%emt 00:00:44]} 4. Nxe4 {[%clk 01:32:07]} {[%emt 00:00:07]} Nf6
{[%clk 01:31:11]} {[%emt 00:00:22]} 5. Qe2 {[%clk 01:32:21]} {[%emt 00:00:16]}
Nxe4 {[%clk 01:30:58]} {[%emt 00:00:43]} 6. Qxe4 {[%clk 01:32:44]} {[%emt
00:00:06]} Nd7 {[%clk 01:30:49]} {[%emt 00:00:40]} 7. Bc4 {[%clk 01:32:05]}
{[%emt 00:01:08]} Nf6 {[%clk 01:29:35]} {[%emt 00:01:44]} 8. Ne5 {[%clk
01:30:15]} {[%emt 00:02:20]} e6 {[%clk 01:28:01]} {[%emt 00:02:04]} 9. Qe2
{[%clk 01:30:27]} {[%emt 00:00:17]} Bd6 {[%clk 01:27:45]} {[%emt 00:00:47]} 10.
O-O {[%clk 01:28:53]} {[%emt 00:02:03]} Qc7 {[%clk 01:24:53]} {[%emt 00:03:24]}
11. Nf3 {[%clk 01:27:53]} {[%emt 00:01:28]} b5 {[%clk 01:24:18]} {[%emt
00:01:07]} 12. Bd3 {[%clk 01:27:52]} {[%emt 00:00:30]} O-O {[%emt 00:03:20]}
13. b3 {[%clk 01:26:42]} {[%emt 00:01:27]} h6 {[%clk 01:18:48]} {[%emt
00:03:23]} 14. Bb2 {[%clk 01:24:18]} {[%emt 00:02:54]} e5 {[%clk 01:08:32]}
{[%emt 00:10:46]} 15. Bxe5 {[%clk 01:20:35]} {[%emt 00:04:13]} Bxe5 {[%clk
01:07:59]} {[%emt 00:01:03]} 16. Qxe5 {[%clk 01:20:51]} {[%emt 00:00:14]} Qb6
{[%clk 01:05:17]} {[%emt 00:03:12]} 17. h3 {[%clk 01:14:39]} {[%emt 00:06:42]}
Re8 {[%clk 01:01:30]} {[%emt 00:04:18]} 18. Qb2 {[%clk 01:12:01]} {[%emt
00:03:06]} c5 {[%clk 00:55:48]} {[%emt 00:06:13]} 19. Rfe1 {[%clk 01:10:05]}
{[%emt 00:02:26]} Bb7 {[%clk 00:53:49]} {[%emt 00:02:29]} 20. Ne5 {[%clk
01:04:07]} {[%emt 00:06:27]} Rad8 {[%clk 00:45:02]} {[%emt 00:09:19]} 21. a4
{[%emt 00:10:38]} a6 {[%clk 00:38:13]} {[%emt 00:00:24]} 22. axb5 {[%clk
01:00:01]} {[%emt 00:01:23]} axb5 {[%emt 00:07:23]} 23. Re3 {[%clk 00:51:51]}
{[%emt 00:01:31]} Rd6 {[%clk 00:27:36]} {[%emt 00:11:21]} 24. Ng4 {[%clk
00:45:34]} {[%emt 00:06:48]} Rxe3 {[%emt 00:07:49]} 25. Nxe3 {[%clk 00:42:39]}
{[%emt 00:00:54]} Qc6 {[%clk 00:20:12]} {[%emt 00:03:07]} 26. f3 {[%emt
00:12:35]} Ba6 {[%clk 00:13:33]} {[%emt 00:02:35]} 27. Nf5 {[%emt 00:09:24]}
Re6 {[%clk 00:09:51]} {[%emt 00:03:09]} 28. Qa2 {[%clk 00:23:49]} {[%emt
00:03:57]} c4 {[%clk 00:08:11]} {[%emt 00:02:11]} 29. bxc4 {[%clk 00:20:53]}
{[%emt 00:03:25]} bxc4 {[%clk 00:08:12]} {[%emt 00:00:28]} 30. Bf1 {[%clk
00:18:40]} {[%emt 00:02:44]} Qc5+ {[%clk 00:08:18]} {[%emt 00:00:25]} 31. Ne3
{[%clk 00:18:29]} {[%emt 00:00:40]} Nd5 {[%clk 00:02:51]} {[%emt 00:05:13]} 32.
Qa5 Qd4 {[%emt 00:09:58]} 33. c3 {[%clk 00:10:01]} {[%emt 00:00:43]} Qxd2
{[%clk 00:02:01]} {[%emt 00:01:21]} 34. Nxd5 {[%clk 00:09:15]} {[%emt
00:01:16]} Bb7 {[%clk 00:01:46]} {[%emt 00:00:45]} 35. Bxc4 {[%clk 00:06:37]}
{[%emt 00:03:08]} Re1+ {[%clk 00:01:18]} {[%emt 00:00:58]} 36. Rxe1 {[%clk
00:06:24]} {[%emt 00:00:43]} Qxe1+ {[%clk 00:01:43]} 37. Kh2 {[%clk 00:04:59]}
{[%emt 00:01:59]} Qe5+ {[%emt 00:02:08]} 38. f4 {[%clk 00:03:27]} {[%emt
00:00:41]} Qe4 {[%clk 00:01:04]} {[%emt 00:00:53]} 39. Qd8+ {[%clk 00:02:30]}
{[%emt 00:01:27]} Kh7 {[%clk 00:01:03]} {[%emt 00:00:31]} 40. Qd7 {[%clk
00:01:01]} {[%emt 00:01:59]} Bxd5 {[%clk 00:00:38]} {[%emt 00:00:55]} 41. Qxd5
{[%clk 00:00:59]} {[%emt 00:00:32]} Qxf4+ {[%clk 00:00:51]} {[%emt 00:00:17]}
42. g3 {[%clk 00:28:55]} {[%emt 00:02:33]} Qf2+ {[%clk 00:27:47]} {[%emt
00:03:35]} 43. Qg2 {[%clk 00:28:59]} {[%emt 00:00:26]} Qf6 {[%clk 00:27:19]}
{[%emt 00:00:58]} 44. Bd3+ {[%clk 00:28:41]} {[%emt 00:00:48]} g6 {[%clk
00:27:20]} {[%emt 00:00:29]} 45. c4 {[%clk 00:28:52]} {[%emt 00:00:19]} Qd4
{[%clk 00:26:57]} {[%emt 00:00:51]} 46. Qc2 {[%clk 00:27:47]} {[%emt 00:01:36]}
Qc5 {[%clk 00:26:48]} {[%emt 00:00:39]} 47. Kg2 {[%clk 00:27:43]} {[%emt
00:00:34]} h5 {[%clk 00:26:05]} {[%emt 00:01:14]} 48. Qf2 {[%clk 00:25:49]}
{[%emt 00:02:23]} Qc6+ {[%clk 00:24:53]} {[%emt 00:01:42]} 49. Qf3 {[%clk
00:25:13]} {[%emt 00:01:06]} Qe6 {[%clk 00:24:13]} {[%emt 00:01:11]} 50. c5
{[%clk 00:24:45]} {[%emt 00:00:58]} Qa2+ {[%clk 00:24:08]} {[%emt 00:00:34]}
51. Be2 {[%clk 00:24:57]} {[%emt 00:00:18]} Qe6 {[%clk 00:24:09]} {[%emt
00:00:29]} 52. c6 {[%clk 00:24:36]} {[%emt 00:00:52]} Kg7 {[%clk 00:23:24]}
{[%emt 00:01:15]} 53. Qc3+ {[%clk 00:23:38]} {[%emt 00:01:27]} Kg8 {[%emt
00:01:50]} 54. Bf3 {[%clk 00:23:24]} {[%emt 00:00:42]} Qa2+ {[%clk 00:21:14]}
{[%emt 00:01:23]} 55. Kf1 {[%emt 00:03:04]} Qb1+ {[%clk 00:19:43]} {[%emt
00:00:19]} 56. Ke2 {[%clk 00:21:44]} {[%emt 00:03:59]} Qa2+ {[%clk 00:19:00]}
{[%emt 00:00:07]} 57. Kd3 {[%clk 00:14:47]} {[%emt 00:11:34]} Qb1 {[%clk
00:15:22]} 58. Kd4 Qb6+ 59. Ke4 Qb1+ 60. Ke3 Qb6+ 61. Ke2 Qb5+ 62. Kf2 Qb6+ 63.
Kg2 Qb1 64. Kh2 h4 65. Bg2 hxg3+ 66. Qxg3 Qc1 67. c7 Kg7 68. h4 Qc5 69. Qf4 Kg8
70. Kg3 Qc3+ 71. Kg4 f5+ 72. Kg5 Kg7 73. Qh2 Qe3+ 74. Qf4 Qe7# 0-1

[Event "DEM U14w 2024"]
[Site "Willingen GER"]
[Date "2024.05.22"]
[Round "5"]
[White "Mehner, Clara"]
[Black "Ignatova, Gabriela"]
[Result "0-1"]
[Termination "normal"]
[Board "10"]
[WhiteElo "1647"]
[BlackElo "1552"]
[WhiteClock "00:01:53"]
[BlackClock "00:30:56"]
[PlyCount "78"]
[WhiteFideId "34612165"]
[BlackFideId "34623698"]
[EventCountry "GER"]
[EventRounds "9"]
[EventType "swiss"]
[EventDate "2024.05.18"]

1. e4 {[%clk 01:30:57]} {[%emt 00:00:02]} c5 {[%clk 01:30:53]} {[%emt
00:00:08]} 2. Nf3 {[%clk 01:31:21]} {[%emt 00:00:06]} Nc6 {[%clk 01:31:17]}
{[%emt 00:00:06]} 3. d4 {[%clk 01:31:41]} {[%emt 00:00:10]} cxd4 {[%clk
01:31:42]} {[%emt 00:00:06]} 4. Nxd4 {[%clk 01:32:03]} {[%emt 00:00:08]} Qb6
{[%clk 01:32:06]} {[%emt 00:00:05]} 5. Nb3 {[%clk 01:08:55]} {[%emt 00:23:39]}
Nf6 {[%clk 01:30:42]} {[%emt 00:01:54]} 6. Bd3 {[%clk 01:06:51]} {[%emt
00:02:34]} e6 {[%clk 01:24:13]} {[%emt 00:06:59]} 7. c4 {[%clk 00:56:18]}
{[%emt 00:11:02]} Ne5 {[%clk 01:16:12]} {[%emt 00:08:32]} 8. O-O {[%clk
00:51:48]} {[%emt 00:05:00]} Qd6 {[%clk 01:07:47]} {[%emt 00:08:54]} 9. Bc2
{[%clk 00:38:32]} {[%emt 00:13:45]} Qxd1 {[%clk 01:04:53]} {[%emt 00:03:25]}
10. Rxd1 {[%clk 00:38:19]} {[%emt 00:00:44]} Nxc4 {[%clk 01:04:35]} {[%emt
00:00:48]} 11. Nc3 {[%clk 00:37:03]} {[%emt 00:01:45]} a6 {[%clk 01:04:26]}
{[%emt 00:00:40]} 12. a4 {[%clk 00:34:11]} {[%emt 00:03:22]} Bb4 {[%clk
01:02:36]} {[%emt 00:02:19]} 13. Ne2 {[%clk 00:32:29]} {[%emt 00:02:11]} Be7
{[%clk 01:02:08]} {[%emt 00:00:59]} 14. Nc3 {[%clk 00:28:47]} {[%emt 00:04:11]}
O-O {[%clk 00:59:05]} {[%emt 00:03:34]} 15. f4 {[%clk 00:26:28]} {[%emt
00:02:50]} d6 {[%clk 00:52:49]} {[%emt 00:06:46]} 16. Rd4 {[%clk 00:17:37]}
{[%emt 00:09:21]} Nb6 {[%clk 00:50:21]} {[%emt 00:02:57]} 17. Na5 {[%clk
00:12:32]} {[%emt 00:05:35]} d5 {[%clk 00:48:31]} {[%emt 00:02:21]} 18. Kh1
{[%clk 00:11:06]} {[%emt 00:01:55]} Bc5 {[%clk 00:47:44]} {[%emt 00:01:17]} 19.
Rd1 {[%clk 00:11:05]} {[%emt 00:00:31]} Ng4 {[%clk 00:47:04]} {[%emt 00:01:08]}
20. Nb3 {[%clk 00:08:17]} {[%emt 00:03:21]} Nf2+ {[%clk 00:46:25]} {[%emt
00:01:08]} 21. Kg1 {[%clk 00:08:45]} {[%emt 00:00:01]} Nxd1+ {[%clk 00:46:37]}
{[%emt 00:00:19]} 22. Nxc5 {[%clk 00:09:09]} {[%emt 00:00:06]} Nxc3 {[%clk
00:46:53]} {[%emt 00:00:15]} 23. bxc3 {[%clk 00:09:38]} {[%emt 00:00:01]} Rb8
{[%clk 00:45:28]} {[%emt 00:01:52]} 24. Ba3 {[%clk 00:09:45]} {[%emt 00:00:25]}
Rd8 {[%clk 00:45:15]} {[%emt 00:00:43]} 25. Rb1 {[%clk 00:09:08]} {[%emt
00:01:07]} Nc4 {[%clk 00:44:33]} {[%emt 00:01:13]} 26. Bc1 {[%clk 00:08:39]}
{[%emt 00:00:58]} b6 {[%emt 00:01:37]} 27. Bd3 {[%clk 00:08:16]} {[%emt
00:00:51]} Bd7 {[%clk 00:42:38]} {[%emt 00:01:21]} 28. Nxa6 {[%clk 00:08:17]}
{[%emt 00:00:29]} Ra8 {[%clk 00:40:10]} {[%emt 00:02:56]} 29. Bxc4 {[%clk
00:03:32]} {[%emt 00:05:17]} dxc4 {[%clk 00:40:04]} {[%emt 00:00:35]} 30. Rxb6
{[%clk 00:03:47]} {[%emt 00:00:15]} Bxa4 {[%clk 00:38:45]} {[%emt 00:01:49]}
31. Kf2 {[%clk 00:03:46]} {[%emt 00:00:31]} h6 {[%clk 00:38:10]} {[%emt
00:01:05]} 32. Ba3 {[%clk 00:02:27]} {[%emt 00:01:50]} Rd1 {[%clk 00:30:45]}
{[%emt 00:07:50]} 33. e5 {[%clk 00:01:23]} {[%emt 00:01:38]} Bb5 {[%clk
00:29:27]} {[%emt 00:01:48]} 34. Nc7 {[%clk 00:00:53]} {[%emt 00:00:59]} Rxa3
{[%clk 00:29:40]} {[%emt 00:00:18]} 35. Rxb5 {[%clk 00:01:03]} {[%emt
00:00:21]} Ra2+ {[%clk 00:29:58]} {[%emt 00:00:11]} 36. Kf3 {[%clk 00:00:55]}
{[%emt 00:00:35]} Rd3+ {[%clk 00:29:58]} {[%emt 00:00:33]} 37. Kg4 {[%clk
00:01:18]} {[%emt 00:00:08]} Rxg2+ {[%clk 00:30:17]} {[%emt 00:00:11]} 38. Kh4
{[%clk 00:01:37]} {[%emt 00:00:09]} Rxh2+ {[%clk 00:30:32]} {[%emt 00:00:16]}
39. Kg4 {[%clk 00:01:53]} {[%emt 00:00:13]} h5+ {[%clk 00:30:56]} {[%emt
00:00:06]} 0-1